000 00722nam a2200217 a 4500
003 DLC
005 20250819120840.0
008 991125s19811995cn fr p r 000 0 eng d
022 _a0712-9815
035 _aUPN01000059698
040 _aMX-MxUPN
_bspa
_cMX-MxUPN
_eaacr2
245 0 0 _aCanadian journal of history of sport = Revue canadienne de l'histoire des sports
260 _aCanadá
_bCanadian Journal of History of Sport and Physical Education,
_c1981-1995
310 _aSemestral
520 1 _aEs una publicación sobre educación física, deportes e historia
650 4 _aEducación física
_912884
650 2 _aDeportes
_912162
902 _aGloria Jiménez/190825
905 _aRevista
942 _cREV-I
999 _c59620
_d59620